LEADER 01678nas 2200481 c 450 001 9910892757103321 005 20260218112650.0 024 7 $aurn:nbn:de:hbz:061:3-4151 035 $a(DE-599)ZDB2598382-9 035 $a(OCoLC)1368490513 035 $a(DE-101)1010453785 035 $a(CKB)5700000000338899 035 $a(DE-599)2598382-9 035 $a(EXLCZ)995700000000338899 100 $a20110309a20079999 |y | 101 0 $ager 135 $aur||||||||||| 181 $ctxt$2rdacontent 182 $cc$2rdamedia 183 $acr$2rdacarrier 200 00$aAktuelle Remscheider Wirtschaftsdaten$fStadt Remscheid, Die Oberbu?rgermeisterin, Zentraldienst Stadtentwicklung und Wirtschaft, Statistikstelle 210 31$aRemscheid$c[Verlag nicht ermittelbar]$d2007- 215 $aOnline-Ressource 225 0 $32007$aInformationen der Statistikstelle / Stadt Remscheid 225 0 $3Ab 2008/09$aInformation / Stadt Remscheid, Bu?rgeramt, Statistikstelle 300 $aGesehen am 17.01.23 606 $aKommunale Wirtschaftsentwicklung$3(DE-588)4132799-8$3https://d-nb.info/gnd/4132799-8$3(DE-101)041327993$9rswk-swf$2gnd 607 $aRemscheid$9rswk-swf$2gnd 608 $aZeitschrift$2gnd-content 608 $aStatistik$2gnd-content 615 7$aKommunale Wirtschaftsentwicklung. 676 $a310 686 $aRemscheid$2nwbib 686 $aWirtschaftsstatistik$2nwbib 712 02$aRemscheid$4isb 712 02$aRemscheid$bStatistikstelle$4isb 801 0$b0061 801 1$bDE-101 801 2$b9999 906 $aJOURNAL 912 $a9910892757103321 996 $aAktuelle Remscheider Wirtschaftsdaten$94241535 997 $aUNINA